Pokémon - Les Types - Statistiques

Statistiques générales
  • Ce quiz a été pris 162 fois
  • Le résultat moyen est 15 sur 19
Statistiques - réponses
Numéro Type de quiz % Correct
4 Eau
99%
3 Feu
99%
2 Plante
95%
15 Dragon
86%
11 Psy
86%
18 Fée
84%
5 Vol
84%
1 Normal
81%
12 Combat
80%
16 Acier
76%
8 Roche
76%
13 Glace
74%
9 Sol
74%
14 Spectre
73%
6 Insecte
68%
10 Poison
66%
17 Ténèbres
66%
7 Électrik
63%
19 Stellaire
26%
Aucun quiz correspondant
Distribution des résultats
% des personnes avec chaque résultat
Percentile par nombre de réponses
Votre historique - résultats
Vous n’avez pas pris ce quiz